Agriculture in the United Kingdom 2002 (Record no. 102801)

MARC details
000 -LEADER
fixed length control field 01493cam a2200277 4500
008 - FIXED-LENGTH DATA ELEMENTS--GENERAL INFORMATION
fixed length control field 030514n2003 000 0 eng u
020 ## - INTERNATIONAL STANDARD BOOK NUMBER
International Standard Book Number 0112430708
035 ## - SYSTEM CONTROL NUMBER
System control number (Sirsi) u122261
041 ## - LANGUAGE CODE
Language code of text/sound track or separate title eng
050 ## - LIBRARY OF CONGRESS CALL NUMBER
Classification number 630.1
-- 18
110 ## - MAIN ENTRY--CORPORATE NAME
Corporate name or jurisdiction name as entry element DEFRA
245 ## - TITLE STATEMENT
Title Agriculture in the United Kingdom 2002
260 ## - PUBLICATION, DISTRIBUTION, ETC.
Place of publication, distribution, etc. London
Name of publisher, distributor, etc. TSO
Date of publication, distribution, etc. 2003
350 ## - PRICE (NR) (BK AM CF MU VM SE) [OBSOLETE]
Price 19
520 ## - SUMMARY, ETC.
Summary, etc. Provides information on the economic conditions and prospects of the UK agriculture industry and a summary of the year 2002. Looks at environmental developments, reports on each of the main agricultural commodities, and contains information on agricultural incomes. (N.B. Some of the figures now given for past years may differ from those published in preceding issues. This is because of the use of later information, changes in the scope and nature of the available data and improvements in statistical methods).
650 ## - SUBJECT ADDED ENTRY--TOPICAL TERM
Topical term or geographic name entry element AGRICULTURAL INDUSTRY
650 ## - SUBJECT ADDED ENTRY--TOPICAL TERM
Topical term or geographic name entry element UNITED KINGDOM
650 ## - SUBJECT ADDED ENTRY--TOPICAL TERM
Topical term or geographic name entry element Environment
9 (RLIN) 6238
650 ## - SUBJECT ADDED ENTRY--TOPICAL TERM
Topical term or geographic name entry element ECONOMY
690 ## - LOCAL SUBJECT ADDED ENTRY--TOPICAL TERM (OCLC, RLIN)
Topical term or geographic name as entry element RURAL
9 (RLIN) 6268
710 ## - ADDED ENTRY--CORPORATE NAME
Corporate name or jurisdiction name as entry element Scottish Executive Environment and Rural Affairs Department
9 (RLIN) 4114
710 ## - ADDED ENTRY--CORPORATE NAME
Corporate name or jurisdiction name as entry element Department of Agriculture and Rural Development (Northern Ireland)
9 (RLIN) 4062
710 ## - ADDED ENTRY--CORPORATE NAME
Corporate name or jurisdiction name as entry element NAFW Agriculture and Rural Affairs Department
9 (RLIN) 4451
856 ## - ELECTRONIC LOCATION AND ACCESS
Uniform Resource Identifier <a href="https://statistics.defra.gov.uk/esg/publications/auk/2002/default.asp">https://statistics.defra.gov.uk/esg/publications/auk/2002/default.asp</a>
Hours access method available View the report (pdf 2008kb for complete document, but also downloadable in smaller sections) on the DEFRA website...
942 ## - ADDED ENTRY ELEMENTS (KOHA)
Suppress in OPAC 0
Holdings
Withdrawn status Lost status Source of classification or shelving scheme Damaged status Not for loan Home library Current library Shelving location Date acquired Total Checkouts Full call number Barcode Date last seen Copy number Price effective from Koha item type
    Dewey Decimal Classification     Virtual Virtual Online 14/05/2003   ONLINE PUBLICATION 122261-1001 06/08/2019 1 06/08/2019 Book